000 00433nab a2200145Ia 4500
003 ES-SlBCS
005 20210601124308.0
008 140529s1978 xxu||||| |||| 00| 0 eng d
041 _aeng
100 1 _aBramwell, R. D.
_9139306
245 0 0 _aEducation and the Two Traditions of Science
_c R. D. Bramwell
650 0 4 _aEducación
_986687
773 0 _tEducational Theory
_gvol. 28, nº. 3, 1978, págs. 223-230
_wRev1399
942 _cAR
999 _c512459
_d512459